[Event "69. UEM M2"]
[Site "Schweinfurt / Germany"]
[Date "2018.04.03"]
[Round "3.3"]
[White "Simon, Jonathan"]
[Black "Brückner, Alexander"]
[Result "1-0"]
[WhiteElo "2019"]
[BlackElo "1846"]
[Annotator "Lukas, Norbert"]
[PlyCount "35"]
[EventDate "2018.04.02"]
[EventType "swiss"]
[EventRounds "9"]
[EventCountry "GER"]
[SourceTitle "69. UEM"]
[Source "SK SW 2000 e.V."]
[SourceDate "2018.04.08"]
[SourceVersion "1"]
[SourceVersionDate "2018.04.08"]
[SourceQuality "1"]
[WhiteTeam "SK 1928 Mömbris"]
[BlackTeam "Schachklub Schweinfurt 2000 e.V."]

1. d4 d5 2. c4 e6 3. Nc3 Nf6 4. cxd5 exd5 5. Bg5 Be7 6. e3 O-O 7. Qc2 h6 8. Bh4
c6 (8... c5 9. Bd3 b6 10. Nf3 Bb7 11. O-O Nbd7 12. Rab1) 9. Bd3 b6 10. Nf3 Bb7
11. O-O Nbd7 12. Rab1 c5 13. dxc5 bxc5 14. Rfd1 Ne4 15. Nxd5 Bxd5 16. Bxe4 Bxh4
17. Rxd5 Qe7 18. Rxd7 1-0

[Event "69. UEM M2"]
[Site "Schweinfurt / Germany"]
[Date "2018.04.03"]
[Round "3.10"]
[White "Heilmann, Karl Ludwig"]
[Black "Barthel, Fabian"]
[Result "0-1"]
[WhiteElo "1754"]
[BlackElo "1589"]
[Annotator "Lukas, Norbert"]
[PlyCount "98"]
[EventDate "2018.04.02"]
[EventType "swiss"]
[EventRounds "9"]
[EventCountry "GER"]
[SourceTitle "69. UEM"]
[Source "SK SW 2000 e.V."]
[SourceDate "2018.04.08"]
[SourceVersion "1"]
[SourceVersionDate "2018.04.08"]
[SourceQuality "1"]
[WhiteTeam "SK Gerolzhofen"]
[BlackTeam "SV Würzburg von 1865 e.V."]

1. e4 d6 2. d4 g6 3. Nc3 Bg7 4. Be3 Nf6 5. f3 c6 6. Qd2 b5 7. O-O-O b4 8. Nce2
a5 9. Kb1 Nbd7 10. g4 Ba6 11. h4 Nb6 12. Qc1 Nc4 13. Bh6 Bxh6 14. Qxh6 a4 15.
Nc1 Qa5 16. Qg5 d5 17. Bxc4 Bxc4 18. e5 Nd7 19. Qe3 e6 20. h5 c5 21. hxg6 fxg6
22. Nh3 cxd4 23. Qxd4 Nc5 24. Nf4 O-O-O 25. Nfd3 Bxd3 26. Nxd3 Nxd3 27. Rxd3
Kd7 28. Qf4 Rdf8 29. Qd2 Qc5 30. a3 Rb8 31. Qe3 Qxe3 32. Rxe3 h5 33. axb4 Rxb4
34. gxh5 gxh5 35. Rh3 h4 36. c3 Rb3 37. Ka2 Rhb8 38. Rh2 Kc6 39. Rd3 Kc5 40.
Rd4 a3 41. bxa3 Rxc3 42. Rdxh4 Rbb3 43. Ra4 d4 44. Ra5+ Kc4 45. Rd2 d3 46. Ra4+
Kc5 47. Rd1 Rb5 48. Re4 Rc2+ 49. Ka1 d2 0-1

[Event "69. UEM M2"]
[Site "Schweinfurt / Germany"]
[Date "2018.04.04"]
[Round "4.6"]
[White "Kuhn, Norbert"]
[Black "Simon, Jonathan"]
[Result "1/2-1/2"]
[WhiteElo "2084"]
[BlackElo "2019"]
[Annotator "Lukas, Norbert"]
[PlyCount "46"]
[EventDate "2018.04.02"]
[EventType "swiss"]
[EventRounds "9"]
[EventCountry "GER"]
[SourceTitle "69. UEM"]
[Source "SK SW 2000 e.V."]
[SourceDate "2018.04.08"]
[SourceVersion "1"]
[SourceVersionDate "2018.04.08"]
[SourceQuality "1"]

1. e4 c5 2. Nf3 d6 3. Bb5+ Bd7 4. Bxd7+ Nxd7 5. O-O Ngf6 6. Qe2 Rc8 7. c3 Qc7
8. d4 cxd4 9. cxd4 e6 10. Nc3 Qc4 11. Qxc4 Rxc4 12. Bf4 Nb6 13. Rac1 Be7 14. b3
Rc6 15. Nb5 Nxe4 16. Nxa7 Rxc1 17. Rxc1 Kd7 18. Nb5 Nd5 19. Be3 Rc8 20. Rxc8
Kxc8 21. Kf1 Kd7 22. a4 Kc6 23. Ke2 h6 1/2-1/2

[Event "69. UEM M2"]
[Site "Schweinfurt / Germany"]
[Date "2018.04.04"]
[Round "4.7"]
[White "Krenz, Dieter"]
[Black "Basel, Matthias"]
[Result "1/2-1/2"]
[WhiteElo "1893"]
[BlackElo "2071"]
[Annotator "Lukas, Norbert"]
[PlyCount "101"]
[EventDate "2018.04.02"]
[EventType "swiss"]
[EventRounds "9"]
[EventCountry "GER"]
[SourceTitle "69. UEM"]
[Source "SK SW 2000 e.V."]
[SourceDate "2018.04.08"]
[SourceVersion "1"]
[SourceVersionDate "2018.04.08"]
[SourceQuality "1"]

1. e4 g6 2. d4 Bg7 3. Nc3 d6 4. Be3 Nf6 5. f3 O-O 6. Qd2 e5 7. Nge2 Nc6 8. g4
exd4 9. Nxd4 Nd7 10. O-O-O Nxd4 11. Bxd4 Ne5 12. Be2 Be6 13. h4 h6 14. Rdg1 Kh7
15. f4 c5 16. Be3 Nc4 17. Bxc4 Bxc4 18. h5 g5 19. fxg5 hxg5 20. Bxg5 Qa5 21.
Rh3 Bxa2 22. Qf4 Be6 23. Bf6 Bxf6 24. Qxf6 Qd8 25. Nd5 Qxf6 26. Nxf6+ Kg7 27.
Rf3 Rh8 28. g5 Kf8 29. h6 Ke7 30. h7 Raf8 31. Kd2 a5 32. b3 c4 33. bxc4 Bxc4
34. Kc3 b5 35. Kd4 a4 36. Re1 Be6 37. Rc3 Bc4 38. e5 Ra8 39. Rh3 dxe5+ 40.
Rxe5+ Kd6 41. Ne4+ Kc6 42. Rh6+ Kc7 43. Rc5+ Kd7 44. Rf5 a3 45. Nf6+ Kd8 46.
Rh1 a2 47. Ra1 Ke7 48. Kc3 Kf8 49. Kb2 Kg7 50. Rh1 Rhd8 51. Rf2 1/2-1/2

[Event "69. UEM M2"]
[Site "Schweinfurt / Germany"]
[Date "2018.04.04"]
[Round "4.8"]
[White "Mueller, Gerhard"]
[Black "Pommeranz, Mika"]
[Result "0-1"]
[WhiteElo "1799"]
[BlackElo "1795"]
[Annotator "Lukas, Norbert"]
[PlyCount "98"]
[EventDate "2018.04.02"]
[EventType "swiss"]
[EventRounds "9"]
[EventCountry "GER"]
[SourceTitle "69. UEM"]
[Source "SK SW 2000 e.V."]
[SourceDate "2018.04.08"]
[SourceVersion "1"]
[SourceVersionDate "2018.04.08"]
[SourceQuality "1"]
[WhiteTeam "SC Bad Königshofen 1957"]
[BlackTeam "SC 1930 Großwelzheim"]

1. e4 g6 2. d4 Bg7 3. c3 d6 4. f4 Nf6 5. Bd3 O-O 6. Nf3 Nbd7 7. O-O c5 8. e5
Ne8 9. Qb3 cxd4 10. cxd4 Qb6 11. Qxb6 Nxb6 12. Nc3 dxe5 13. dxe5 Nc7 14. Be4 f6
15. b3 Nd7 16. Nd5 Nxd5 17. Bxd5+ Kh8 18. Bb2 Nb6 19. Be4 f5 20. Bc2 Nd5 21.
Nd4 g5 22. g3 gxf4 23. gxf4 Bh6 24. Bc1 Rg8+ 25. Kh1 e6 26. h3 b6 27. Kh2 Ba6
28. Rf2 Rg6 29. Bd2 Rag8 30. b4 Bb7 31. Nxe6 Rxe6 32. Bxf5 Re7 33. Be4 b5 34.
Re1 Rf8 35. Ref1 Rd8 36. Bc1 Nxb4 37. Bxb7 Rxb7 38. Ba3 Nd3 39. Rf3 Bxf4+ 40.
Rxf4 Nxf4 41. Rxf4 Rd2+ 42. Kg1 Rxa2 43. Bd6 Ra6 44. Rf6 Kg8 45. Kf2 b4 46.
Rf8+ Kg7 47. Rf6 Rxd6 48. Rxd6 b3 49. e6 Kf8 0-1

[Event "69. UEM M2"]
[Site "Schweinfurt / Germany"]
[Date "2018.04.04"]
[Round "4.9"]
[White "Böckler, Michael"]
[Black "Ullrich, Daniel"]
[Result "1/2-1/2"]
[WhiteElo "1730"]
[BlackElo "1691"]
[Annotator "Lukas, Norbert"]
[PlyCount "24"]
[EventDate "2018.04.02"]
[EventType "swiss"]
[EventRounds "9"]
[EventCountry "GER"]
[SourceTitle "69. UEM"]
[Source "SK SW 2000 e.V."]
[SourceDate "2018.04.08"]
[SourceVersion "1"]
[SourceVersionDate "2018.04.08"]
[SourceQuality "1"]
[WhiteTeam "TSV 1928 Trappstadt SAbt."]
[BlackTeam "SC 1947 Bergrheinfeld"]

1. d4 d5 2. e4 dxe4 3. Nc3 Nf6 4. f3 e5 5. dxe5 Qxd1+ 6. Kxd1 Nfd7 7. Nd5 Kd8
8. Bg5+ f6 9. exf6 gxf6 10. Bxf6+ Nxf6 11. Nxf6 exf3 12. Nxf3 Bg7 1/2-1/2

[Event "69. UEM M2"]
[Site "Schweinfurt / Germany"]
[Date "2018.04.04"]
[Round "4.6"]
[White "Gehrig, Thomas"]
[Black "Müller, Kai"]
[Result "0-1"]
[WhiteElo "2066"]
[BlackElo "1787"]
[Annotator "Lukas, Norbert"]
[PlyCount "66"]
[EventDate "2018.04.02"]
[EventType "swiss"]
[EventRounds "9"]
[EventCountry "GER"]
[SourceTitle "69. UEM"]
[Source "SK SW 2000 e.V."]
[SourceDate "2018.04.08"]
[SourceVersion "1"]
[SourceVersionDate "2018.04.08"]
[SourceQuality "1"]
[WhiteTeam "SC Maßbach 1951"]
[BlackTeam "SC Kitzingen von 1905"]

1. c4 e5 2. Nc3 Nf6 3. g3 g6 4. Bg2 Bg7 5. e3 d6 6. Nge2 O-O 7. O-O Nc6 8. Rb1
Be6 9. d3 d5 10. b3 Qd7 11. Qd2 Bh3 12. Rd1 Bxg2 13. Kxg2 h5 14. e4 d4 15. Nd5
Nxd5 16. cxd5 Ne7 17. Rf1 h4 18. f4 h3+ 19. Kh1 Nxd5 20. Nxd4 exf4 21. Ne2 fxg3
22. hxg3 Ne7 23. Ba3 f5 24. Qe3 Rfe8 25. Rbd1 fxe4 26. dxe4 Qc6 27. Kh2 Nf5 28.
Qg5 Qxe4 29. Nf4 Nd4 30. Rd3 Ne6 31. Qxg6 Qc6 32. Kxh3 Nxf4+ 33. gxf4 Qxg6 0-1

[Event "69. UEM M2"]
[Site "Schweinfurt / Germany"]
[Date "2018.04.04"]
[Round "4.11"]
[White "Linz, Maximilian"]
[Black "Heller, Thomas"]
[Result "0-1"]
[WhiteElo "1655"]
[BlackElo "1775"]
[Annotator "Lukas, Norbert"]
[PlyCount "174"]
[EventDate "2018.04.02"]
[EventType "swiss"]
[EventRounds "9"]
[EventCountry "GER"]
[SourceTitle "69. UEM"]
[Source "SK SW 2000 e.V."]
[SourceDate "2018.04.08"]
[SourceVersion "1"]
[SourceVersionDate "2018.04.08"]
[SourceQuality "1"]
[WhiteTeam "SF Zeiler Turm"]
[BlackTeam "SV Bergtheim"]

1. e4 c6 2. d3 e5 3. Nd2 d5 4. Ngf3 Bd6 5. g3 Bg4 6. Bg2 Nf6 7. O-O Qc8 8. Re1
h5 9. Nf1 d4 10. Qd2 Nbd7 11. c3 c5 12. Qc2 Bxf3 13. Bxf3 Qc7 14. Bg2 O-O-O 15.
Bg5 Kb8 16. a3 Rdg8 17. Reb1 Ne8 18. c4 f6 19. Bd2 g5 20. h3 Ng7 21. b4 Ne6 22.
bxc5 Ndxc5 23. Rb2 h4 24. g4 Rg7 25. Rab1 Qc6 26. Ra1 Qa4 27. Qb1 Rc7 28. Nh2
Kc8 29. Nf3 Kd7 30. Ne1 Ra8 31. Bf1 a5 32. Be2 Ke7 33. Rb5 Nxe4 34. dxe4 Nc5
35. f3 Ra7 36. Qa2 Ne6 37. Qc2 Qxc2 38. Nxc2 b6 39. Bd3 Bc5 40. a4 Rc6 41. Rbb1
Rd7 42. Ne1 Bd6 43. Ra2 Bc7 44. Rc2 Nc5 45. Ra1 Bd6 46. Bf1 Nb3 47. Raa2 Nxd2
48. Rxd2 Bb4 49. Rd1 Bxe1 50. Rxe1 d3 51. Rd1 Rxc4 52. Rxd3 Rdc7 53. Rb3 R4c6
54. Rab2 Rb7 55. Kf2 Rd6 56. Bb5 Rc7 57. Rd3 Rc1 58. Rxd6 Kxd6 59. Bd3 Ra1 60.
Rxb6+ Kc5 61. Rb5+ Kd4 62. Rd5+ Kc3 63. Bb5 Ra2+ 64. Ke1 Kb4 65. Rd2 Ra1+ 66.
Kf2 Kc3 67. Re2 Kd4 68. Rd2+ Kc3 69. Rd3+ Kb4 70. Rd2 Rb1 71. Rc2 Rd1 72. Re2
Ra1 73. Re1 Ra2+ 74. Kg1 Kc3 75. Rc1+ Kd2 76. Rc6 Ke3 77. Rc3+ Kf4 78. Rc6 Kg3
79. Rxf6 Kxh3 80. Rf5 Kg3 81. Rxg5 Ra1+ 82. Bf1 Rxa4 83. Rxe5 Ra1 84. Rc5 a4
85. e5 h3 86. Rc2 a3 87. Rh2 Rxf1+ 0-1

[Event "69. UEM M2"]
[Site "Schweinfurt / Germany"]
[Date "2018.04.04"]
[Round "4.3"]
[White "Ersöz, Can"]
[Black "Boehl, Marius"]
[Result "0-1"]
[WhiteElo "1972"]
[BlackElo "1821"]
[Annotator "Lukas, Norbert"]
[PlyCount "64"]
[EventDate "2018.04.02"]
[EventType "swiss"]
[EventRounds "9"]
[EventCountry "GER"]
[SourceTitle "69. UEM"]
[Source "SK SW 2000 e.V."]
[SourceDate "2018.04.08"]
[SourceVersion "1"]
[SourceVersionDate "2018.04.08"]
[SourceQuality "1"]
[WhiteTeam "SV Würzburg von 1865 e.V."]
[BlackTeam "SK 1928 Mömbris"]

1. e4 c5 2. Nc3 e6 3. f4 a6 4. Nf3 Nc6 5. Be2 d5 6. d3 Nf6 7. O-O b5 8. Ne5 Bb7
9. Nxc6 Bxc6 10. f5 b4 11. fxe6 fxe6 12. Bh5+ g6 13. Bg5 Be7 14. Bxf6 Bxf6 15.
exd5 bxc3 16. dxc6 Qd4+ 17. Kh1 cxb2 18. Rb1 gxh5 19. Qxh5+ Ke7 20. Rbe1 Rac8
21. Re4 Qd6 22. Qf3 Rhf8 23. Rf4 e5 24. Qe2 Rxc6 25. c3 Rb6 26. Rb1 Bg5 27.
Rxf8 Kxf8 28. Qh5 Qg6 29. Qf3+ Kg7 30. Qd5 Bc1 31. Qxc5 Qf6 32. Qg1 Rb7 0-1

[Event "69. UEM M2"]
[Site "Schweinfurt / Germany"]
[Date "2018.04.04"]
[Round "4.7"]
[White "Barthel, Fabian"]
[Black "Scholz, Michael"]
[Result "0-1"]
[WhiteElo "1589"]
[BlackElo "1861"]
[Annotator "Lukas, Norbert"]
[PlyCount "44"]
[EventDate "2018.04.02"]
[EventType "swiss"]
[EventRounds "9"]
[EventCountry "GER"]
[SourceTitle "69. UEM"]
[Source "SK SW 2000 e.V."]
[SourceDate "2018.04.08"]
[SourceVersion "1"]
[SourceVersionDate "2018.04.08"]
[SourceQuality "1"]
[WhiteTeam "SV Würzburg von 1865 e.V."]
[BlackTeam "SK 1928 Mömbris"]

1. d4 Nf6 2. c4 c5 3. d5 b5 4. cxb5 a6 5. Nc3 g6 6. e4 d6 7. h3 Bg7 8. Nf3 O-O
9. Bf4 Qa5 10. Nd2 axb5 11. Qc2 Na6 12. Nxb5 Nb4 13. Qb1 Nfxd5 14. exd5 Bf5 15.
Qc1 Nc2+ 16. Kd1 Nxa1 17. Qxa1 Qa4+ 18. Nb3 Qxf4 19. Be2 Qe4 20. Nc3 Bxc3 21.
bxc3 Qc2+ 22. Ke1 Qxb3 0-1

[Event "69. UEM M2"]
[Site "Schweinfurt / Germany"]
[Date "2018.04.04"]
[Round "4.5"]
[White "Brückner, Alexander"]
[Black "Susallek, Markus"]
[Result "1/2-1/2"]
[WhiteElo "1846"]
[BlackElo "1875"]
[Annotator "Lukas, Norbert"]
[PlyCount "34"]
[EventDate "2018.04.02"]
[EventType "swiss"]
[EventRounds "9"]
[EventCountry "GER"]
[SourceTitle "69. UEM"]
[Source "SK SW 2000 e.V."]
[SourceDate "2018.04.08"]
[SourceVersion "1"]
[SourceVersionDate "2018.04.08"]
[SourceQuality "1"]
[WhiteTeam "Schachklub Schweinfurt 2000 e.V."]
[BlackTeam "SK 1928 Mömbris"]

1. e4 c5 2. Nc3 e6 3. g3 g6 4. Bg2 Bg7 5. d3 Ne7 6. Be3 d6 7. Qd2 h5 8. f4 Nbc6
9. Nf3 Rb8 10. O-O O-O 11. h3 b5 12. Kh2 b4 13. Nd1 Qc7 14. Qf2 Bd7 15. Ng5 f6
16. Nf3 a5 17. Rc1 a4 1/2-1/2

[Event "69. UEM M2"]
[Site "Schweinfurt / Germany"]
[Date "2018.04.04"]
[Round "4.10"]
[White "Drewes, Thomas"]
[Black "Heilmann, Karl Ludwig"]
[Result "1/2-1/2"]
[WhiteElo "1792"]
[BlackElo "1754"]
[Annotator "Lukas, Norbert"]
[PlyCount "40"]
[EventDate "2018.04.02"]
[EventType "swiss"]
[EventRounds "9"]
[EventCountry "GER"]
[SourceTitle "69. UEM"]
[Source "SK SW 2000 e.V."]
[SourceDate "2018.04.08"]
[SourceVersion "1"]
[SourceVersionDate "2018.04.08"]
[SourceQuality "1"]
[WhiteTeam "SV Würzburg von 1865 e.V."]
[BlackTeam "SK Gerolzhofen"]

1. d4 d5 2. Bf4 Nf6 3. e3 Bf5 4. Bd3 Bxd3 5. Qxd3 c6 6. Nd2 e6 7. Ngf3 Be7 8.
h3 Nbd7 9. Ne5 Nxe5 10. Bxe5 Bd6 11. Nf3 Bxe5 12. Nxe5 Ne4 13. O-O O-O 14. Qe2
Rc8 15. c3 Qe7 16. Nf3 Rc7 17. Nd2 Nxd2 18. Qxd2 e5 19. Rfe1 f5 20. Rad1 b6
1/2-1/2

[Event "69. UEM M2"]
[Site "Schweinfurt / Germany"]
[Date "2018.04.04"]
[Round "5.4"]
[White "Pommeranz, Mika"]
[Black "Basel, Moritz"]
[Result "1-0"]
[WhiteElo "1795"]
[BlackElo "1871"]
[Annotator "Lukas, Norbert"]
[PlyCount "55"]
[EventDate "2018.04.02"]
[EventType "swiss"]
[EventRounds "9"]
[EventCountry "GER"]
[SourceTitle "69. UEM"]
[Source "SK SW 2000 e.V."]
[SourceDate "2018.04.08"]
[SourceVersion "1"]
[SourceVersionDate "2018.04.08"]
[SourceQuality "1"]
[WhiteTeam "SC 1930 Großwelzheim"]
[BlackTeam "SC Kitzingen von 1905"]

1. d4 d5 2. Bf4 Nf6 3. e3 e6 4. Nf3 c5 5. c3 Nc6 6. Nbd2 Be7 7. Bd3 O-O 8. Ne5
Nd7 9. h4 Bf6 10. Ndf3 cxd4 11. exd4 g6 12. Ng4 Bg7 13. h5 Qe7 14. hxg6 fxg6
15. Bg5 Qe8 16. Qb3 Nf6 17. Nxf6+ Bxf6 18. Bxf6 Rxf6 19. O-O-O Qe7 20. Rh2 Na5
21. Qc2 Bd7 22. Rdh1 Be8 23. Ng5 Rxf2 24. Qxf2 Qxg5+ 25. Kb1 h5 26. g4 Nc4 27.
gxh5 Nd2+ 28. Qxd2 1-0

[Event "69. UEM M2"]
[Site "Schweinfurt / Germany"]
[Date "2018.04.04"]
[Round "5.6"]
[White "Drescher, Frank"]
[Black "Ersöz, Can"]
[Result "0-1"]
[WhiteElo "1950"]
[BlackElo "1972"]
[Annotator "Lukas, Norbert"]
[PlyCount "76"]
[EventDate "2018.04.02"]
[EventType "swiss"]
[EventRounds "9"]
[EventCountry "GER"]
[SourceTitle "69. UEM"]
[Source "SK SW 2000 e.V."]
[SourceDate "2018.04.08"]
[SourceVersion "1"]
[SourceVersionDate "2018.04.08"]
[SourceQuality "1"]
[WhiteTeam "SC 1947 Bergrheinfeld"]
[BlackTeam "SV Würzburg von 1865 e.V."]

1. d4 c5 2. e3 Nf6 3. Nf3 g6 4. Bd3 Bg7 5. O-O b6 6. Qe2 O-O 7. c3 Bb7 8. e4
cxd4 9. cxd4 d5 10. e5 Ne4 11. Ne1 f6 12. f3 Ng5 13. Bxg5 fxg5 14. Nc3 Nc6 15.
Nc2 a6 16. Rf2 e6 17. Raf1 b5 18. f4 gxf4 19. Qg4 Qe7 20. Rxf4 Rxf4 21. Rxf4
Rf8 22. Ne2 Bc8 23. h4 Rxf4 24. Nxf4 Qa7 25. Qg5 Bxe5 26. Kh1 Bxf4 27. Qxf4 Qf7
28. Qg3 Qg7 29. Qg4 Bd7 30. Qf4 e5 31. dxe5 Qxe5 32. Qf3 Nd4 33. Nxd4 Qxd4 34.
Be2 Qxh4+ 35. Kg1 Qd4+ 36. Kh1 Bf5 37. b3 Qe4 38. Qf1 Qb1 0-1

[Event "69. UEM M2"]
[Site "Schweinfurt / Germany"]
[Date "2018.04.04"]
[Round "5.8"]
[White "Ullrich, Daniel"]
[Black "Barthel, Fabian"]
[Result "0-1"]
[WhiteElo "1691"]
[BlackElo "1589"]
[Annotator "Lukas, Norbert"]
[PlyCount "60"]
[EventDate "2018.04.02"]
[EventType "swiss"]
[EventRounds "9"]
[EventCountry "GER"]
[SourceTitle "69. UEM"]
[Source "SK SW 2000 e.V."]
[SourceDate "2018.04.08"]
[SourceVersion "1"]
[SourceVersionDate "2018.04.08"]
[SourceQuality "1"]
[WhiteTeam "SC 1947 Bergrheinfeld"]
[BlackTeam "SV Würzburg von 1865 e.V."]

1. e4 d6 2. d4 g6 3. Nc3 Bg7 4. f4 Nf6 5. Nf3 c5 6. dxc5 Qa5 7. Qd2 Qxc5 8. Qe3
Qa5 9. Bd2 O-O 10. Bd3 d5 11. e5 Ng4 12. Qe2 h5 13. h3 Nh6 14. Nh4 Nc6 15. Qf2
Nb4 16. O-O Nxd3 17. cxd3 Bf5 18. Nxf5 Nxf5 19. Rab1 e6 20. a3 Qa6 21. d4 Qd3
22. g4 Nxd4 23. Be3 Nb3 24. Rfd1 Qc4 25. Bxa7 hxg4 26. hxg4 Rxa7 27. Qxa7 Qxf4
28. Qxb7 Qxg4+ 29. Kf2 Qf4+ 30. Kg2 Nd2 0-1

[Event "69. UEM M2"]
[Site "Schweinfurt / Germany"]
[Date "2018.04.04"]
[Round "5.9"]
[White "Heilmann, Karl Ludwig"]
[Black "Mueller, Gerhard"]
[Result "0-1"]
[WhiteElo "1754"]
[BlackElo "1799"]
[Annotator "Lukas, Norbert"]
[PlyCount "26"]
[EventDate "2018.04.02"]
[EventType "swiss"]
[EventRounds "9"]
[EventCountry "GER"]
[SourceTitle "69. UEM"]
[Source "SK SW 2000 e.V."]
[SourceDate "2018.04.08"]
[SourceVersion "1"]
[SourceVersionDate "2018.04.08"]
[SourceQuality "1"]
[WhiteTeam "SK Gerolzhofen"]
[BlackTeam "SC Bad Königshofen 1957"]

1. e4 e5 2. f4 exf4 3. Nf3 g5 4. h4 g4 5. Ne5 Nc6 6. Nxg4 Be7 7. Bc4 Bxh4+ 8.
Kf1 Qg5 9. c3 d5 10. Be2 dxe4 11. Nf2 Nf6 12. d3 e3 13. Ng4 Nxg4 0-1

[Event "69. UEM M2"]
[Site "Schweinfurt / Germany"]
[Date "2018.04.04"]
[Round "5.1"]
[White "Basel, Matthias"]
[Black "Boehl, Marius"]
[Result "1-0"]
[WhiteElo "2071"]
[BlackElo "1821"]
[Annotator "Lukas, Norbert"]
[PlyCount "63"]
[EventDate "2018.04.02"]
[EventType "swiss"]
[EventRounds "9"]
[EventCountry "GER"]
[SourceTitle "69. UEM"]
[Source "SK SW 2000 e.V."]
[SourceDate "2018.04.08"]
[SourceVersion "1"]
[SourceVersionDate "2018.04.08"]
[SourceQuality "1"]
[WhiteTeam "SC Kitzingen von 1905"]
[BlackTeam "SK 1928 Mömbris"]

1. d4 Nf6 2. c4 e6 3. Nf3 b6 4. g3 Bb7 5. Bg2 Be7 6. O-O O-O 7. d5 exd5 8. Nh4
g6 9. cxd5 d6 10. Nc3 a5 11. b3 Nfd7 12. Nf3 Bf6 13. Bb2 Nc5 14. Nd4 Nbd7 15.
Re1 h5 16. Ncb5 Ne5 17. Qc2 h4 18. f4 Ng4 19. e4 Ba6 20. Bf1 Qd7 21. h3 hxg3
22. hxg4 Qxg4 23. e5 dxe5 24. fxe5 Bg5 25. Qe2 Qd7 26. Qf3 Bh4 27. Red1 Bb7 28.
Nc6 g5 29. Qf6 Ne4 30. Ne7+ Kh7 31. Bd3 Qg4 32. e6 1-0

[Event "69. UEM M2"]
[Site "Schweinfurt / Germany"]
[Date "2018.04.04"]
[Round "5.5"]
[White "Scholz, Michael"]
[Black "Müller, Kai"]
[Result "1/2-1/2"]
[WhiteElo "1861"]
[BlackElo "1787"]
[Annotator "Lukas, Norbert"]
[PlyCount "25"]
[EventDate "2018.04.02"]
[EventType "swiss"]
[EventRounds "9"]
[EventCountry "GER"]
[SourceTitle "69. UEM"]
[Source "SK SW 2000 e.V."]
[SourceDate "2018.04.08"]
[SourceVersion "1"]
[SourceVersionDate "2018.04.08"]
[SourceQuality "1"]
[WhiteTeam "SK 1928 Mömbris"]
[BlackTeam "SC Kitzingen von 1905"]

1. e4 c5 2. d4 cxd4 3. c3 dxc3 4. Nxc3 e6 5. Nf3 Nc6 6. Bc4 Qc7 7. Qe2 Nf6 8.
O-O Ng4 9. Nb5 Qb8 10. g3 Be7 11. h3 Nge5 12. Nxe5 Nxe5 13. Be3 1/2-1/2

[Event "69. UEM M2"]
[Site "Schweinfurt / Germany"]
[Date "2018.04.04"]
[Round "5.7"]
[White "Gehrig, Thomas"]
[Black "Brückner, Alexander"]
[Result "1/2-1/2"]
[WhiteElo "2066"]
[BlackElo "1846"]
[Annotator "Lukas, Norbert"]
[PlyCount "44"]
[EventDate "2018.04.02"]
[EventType "swiss"]
[EventRounds "9"]
[EventCountry "GER"]
[SourceTitle "69. UEM"]
[Source "SK SW 2000 e.V."]
[SourceDate "2018.04.08"]
[SourceVersion "1"]
[SourceVersionDate "2018.04.08"]
[SourceQuality "1"]
[WhiteTeam "SC Maßbach 1951"]
[BlackTeam "Schachklub Schweinfurt 2000 e.V."]

1. d4 d5 2. Nf3 e6 3. e3 Nf6 4. c4 Be7 5. Nc3 O-O 6. Bd3 b6 7. cxd5 exd5 8. O-O
Bb7 9. b3 Nbd7 10. Bb2 c5 11. Rc1 Rc8 12. Qe2 Ne4 13. Bb1 Bf6 14. Rfd1 Re8 15.
Qf1 cxd4 16. exd4 g6 17. Bd3 Bg7 18. Ne2 Rxc1 19. Rxc1 Bh6 20. Rd1 Ndf6 21. h3
Qe7 22. Qe1 Nh5 1/2-1/2

[Event "69. UEM M2"]
[Site "Schweinfurt / Germany"]
[Date "2018.04.04"]
[Round "5.2"]
[White "Simon, Jonathan"]
[Black "Krenz, Dieter"]
[Result "1-0"]
[WhiteElo "2019"]
[BlackElo "1893"]
[Annotator "Lukas, Norbert"]
[PlyCount "81"]
[EventDate "2018.04.02"]
[EventType "swiss"]
[EventRounds "9"]
[EventCountry "GER"]
[SourceTitle "69. UEM"]
[Source "SK SW 2000 e.V."]
[SourceDate "2018.04.08"]
[SourceVersion "1"]
[SourceVersionDate "2018.04.08"]
[SourceQuality "1"]
[WhiteTeam "SK 1928 Mömbris"]
[BlackTeam "SC Prichsenstadt"]

1. d4 d5 2. c4 e6 3. Nc3 Be7 4. Nf3 Nf6 5. Bg5 O-O 6. e3 Nbd7 7. Rc1 a6 8. h3
Re8 9. Qc2 dxc4 10. Bxc4 b5 11. Be2 Bb7 12. O-O c5 13. Rfd1 cxd4 14. Nxd4 Rc8
15. Qb1 Qb6 16. Bf3 Ne5 17. Bxb7 Qxb7 18. e4 b4 19. Nce2 Rxc1 20. Rxc1 Rc8 21.
Rxc8+ Qxc8 22. Bf4 Ned7 23. e5 Nd5 24. Bg3 Qc5 25. Qe4 g6 26. Kh2 Qc7 27. h4 h5
28. Nxe6 fxe6 29. Qxg6+ Kf8 30. Nd4 Nc5 31. Qxh5 Qb6 32. Qh8+ Kf7 33. h5 Ne4
34. Qh7+ Ke8 35. Qxe4 Bc5 36. Qg6+ Kd7 37. Qf7+ Ne7 38. Nb3 a5 39. Bh4 Bxf2 40.
Bxf2 Qb5 41. Nc5+ 1-0

[Event "69. UEM M2"]
[Site "Schweinfurt / Germany"]
[Date "2018.04.04"]
[Round "5.11"]
[White "Linz, Maximilian"]
[Black "Böckler, Michael"]
[Result "1/2-1/2"]
[WhiteElo "1655"]
[BlackElo "1730"]
[Annotator "Lukas, Norbert"]
[PlyCount "31"]
[EventDate "2018.04.02"]
[EventType "swiss"]
[EventRounds "9"]
[EventCountry "GER"]
[SourceTitle "69. UEM"]
[Source "SK SW 2000 e.V."]
[SourceDate "2018.04.08"]
[SourceVersion "1"]
[SourceVersionDate "2018.04.08"]
[SourceQuality "1"]
[WhiteTeam "SF Zeiler Turm"]
[BlackTeam "TSV 1928 Trappstadt SAbt."]

1. e4 d5 2. exd5 Nf6 3. c4 e6 4. dxe6 Bxe6 5. Nc3 Bc5 6. Nf3 Nc6 7. Be2 Nd4 8.
d3 O-O 9. Be3 Rb8 10. Nxd4 Bxd4 11. Bxd4 Qxd4 12. Nb5 Qb6 13. b3 a6 14. Nc3
Rbd8 15. Qc2 Bf5 16. O-O 1/2-1/2